Development dialogue

Enregistré dans:
Détails bibliographiques
Format: Livre
Langue:Undetermined
Publié: Congo 1995
Sujets:
Tags: Ajouter un tag
Pas de tags, Soyez le premier à ajouter un tag!
Thư viện lưu trữ: Trung tâm Học liệu Trường Đại học Cần Thơ
LEADER 00475nam a2200157Ia 4500
001 CTU_122472
008 210402s9999 xx 000 0 und d
082 |a 338.9 
082 |b D489 
245 0 |a Development dialogue 
260 |a Congo 
260 |c 1995 
650 |a Regional planning,Regional planning,Phát triển kinh tế 
650 |x Periodicals,Periodicals,Developing countries 
904 |i Hiếu 
980 |a Trung tâm Học liệu Trường Đại học Cần Thơ